000 00656nam a2200169 a 4500
001 000032540
005 20200930065708.0
008 110719s1982 dr 000 0 spa d
040 _aDO-SdBNP
_bspa
_cBNPHU
082 _axxxx
_bS471
110 2 _aSeminario Viviendas Prefabricadas de Bajo Costo en República Dominicana
_d(1981, 2-5 de dic.
_cSanto Domingo)
_958468
245 0 0 _aSeminario :
_bviviendas prefabricadas de bajo costo en Rep. Dominicana.
260 _aSanto Domingo :
_bOrgano de Difusión del Instituto Nacional de la Vivienda (INVI),
_c1982.
300 _a393 p. ;
_c22 cm.
490 1 _aInvivienda
_vno. 4
830 0 _aInvivienda
_vno. 4
_958469
999 _c32031
_d32031